| 000 | 00949cam a2200253 i 4500 | ||
|---|---|---|---|
| 003 | SA-RiAUC | ||
| 005 | 20241127141628.0 | ||
| 008 | 241126s1982 su g 00000aara c | ||
| 040 |
_aSA-RiAUC _bara _cSA-RiAUC _erda |
||
| 082 | 0 | 4 |
_a928.1 _qSA-RiAUC |
| 090 |
_a928.1 _bك ت ب |
||
| 100 | 1 |
_aكتبي، حسن محمد، _d1329-1433 هجري _eمؤلف. |
|
| 245 | 1 | 0 |
_aهذه حياتي / _cحسن محمد كتبي. |
| 250 | _aالطبعة الثانية، مزيدة ومنقحة. | ||
| 264 | 1 |
_aجدة، السعودية : _bدار الشروق، _c1982 |
|
| 300 |
_a264 صفحة ؛ _c20 سم |
||
| 336 |
_aنص _btxt _2rdacontent _3كتاب |
||
| 337 |
_aبدون وسيط _bn _2rdamedia |
||
| 338 |
_aمجلد _bnc _2rdacarrier |
||
| 600 | 1 | 7 |
_aكتبي، حسن محمد، _d1329-1433 هجري _2aucnm |
| 650 | 7 |
_aالأدباء السعوديون _vتراجم _2aucsh |
|
| 942 |
_2ddc _cBOOK _n0 |
||
| 949 |
_aSA-JeALM _d241126 _umohamedma123 _n1 |
||
| 999 |
_c2812 _d2812 |
||